Circuitos lógicos y conversión de A/D y D/A

Bibliographic Details
Main Author: Williams, Arthur B.
Format: Section = Libro
Language:Undetermined
Spanish
Published: México McGraw-Hill 1989
Subjects:
LEADER 00484nam a2200181Ia 4500
008 240829s9999 xx 000 0 und d
020 |a 968-422-449-4 
040 |a BIBLIOTECA-RUSB/ 621.38173 W716 
041 |a spa 
082 |a 621.38173 W716 
100 1 |a Williams, Arthur B. 
245 1 0 |a Circuitos lógicos y conversión de A/D y D/A 
260 |a México  |b McGraw-Hill  |c 1989 
300 |a 200 p. :il. 
650 7 |a CIRCUITOS INTEGRADOS 
942 |c BK  |2 ddc 
991 |a TEXTO 
999 |c 3456